| 000 | 00897nam a22002417a 4500 | ||
|---|---|---|---|
| 008 | 160321b xxu||||| |||| 00| 0 eng d | ||
| 020 | _a978-1-4200-7181-8 | ||
| 082 |
_22010 _aDC 363.325 _bSh27 |
||
| 100 |
_94015 _aGhosh, Tushar K. _eeditor |
||
| 245 |
_aScience and technology of terrorism and counterterrorism/ _cedited by Tushar K. Ghosh, Mark A. Prelas, Dabir S. Viswanath and Sudarshan K. Loyalka. |
||
| 250 | _aSecond edition. | ||
| 260 |
_aBoca Raton: _bCRC Press, _cc2010. |
||
| 300 |
_axxi, 583 pages; _c26 cm. |
||
| 500 | _aIncludes index. | ||
| 650 | 0 |
_94021 _aTerrorism _yTechnological innovations. |
|
| 650 | 0 |
_94022 _aCounter-terrorism. |
|
| 650 | 0 |
_94023 _aChemical terrorism. |
|
| 650 | 0 |
_94024 _aNuclear terrorism. |
|
| 700 |
_94016 _aPrelas, Mark A. _eeditor |
||
| 700 |
_94017 _aViswanath, Dabir S. _eeditor |
||
| 700 |
_94020 _aLoyalka, Sudarshan K. _eeditor |
||
| 942 |
_2ddc _cDC |
||
| 999 |
_c1352 _d1352 |
||